Systém environmentálneho manažérstva a jeho výhody pre organizáciu

Príspevok analyzuje a identifikuje prínosy zavedeného systému environmentálneho manažérstva v spoločnosti Kúpele Dudince, a. s., a navrhuje opatrenia na zlepšenie.

Saved in:
Bibliographic Details
Main Author: Karkalíková, Marta
Other Authors: Markovičová, Laura
Format: Book Chapter
Language:Slovak
Subjects:
Tags: Add Tag
No Tags, Be the first to tag this record!

MARC

LEADER 00000nla a2200000 4500
001 0207313
005 20240502073438.5
041 0 |a slo 
044 |a SK 
245 1 0 |a Systém environmentálneho manažérstva a jeho výhody pre organizáciu  |c Marta Karkalíková, Laura Markovičová 
520 |a Príspevok analyzuje a identifikuje prínosy zavedeného systému environmentálneho manažérstva v spoločnosti Kúpele Dudince, a. s., a navrhuje opatrenia na zlepšenie. 
610 2 0 |a systémy environmentálne manažérske 
610 2 0 |a ochrana prostredia životného 
610 2 0 |a kúpele 
610 2 0 |a využitie energie 
100 1 |a Karkalíková, Marta 
700 1 |a Markovičová, Laura